| 000 | nam a22 a 4500 | ||
|---|---|---|---|
| 999 |
_c3037 _d3037 |
||
| 005 | 20170519100609.0 | ||
| 008 | 170519s1985 my ||||| |||| 00| 0 eng d | ||
| 020 | _a9679332004 | ||
| 040 | _aAKMAL | ||
| 082 | _a658.3 ARI | ||
| 090 |
_a658.3 _bARI |
||
| 100 | 1 |
_aAriffin Haji Zainal _96329 |
|
| 245 |
_aPekerja dan Pekerjaan : _bPendekatan Psikologi Personel _cArifin Haji Zainal |
||
| 260 |
_aKuala Lumpur _bSiri pengurusan Fajar Bakti _c1985 |
||
| 300 |
_a277p _c22cm |
||
| 942 |
_2ddc _cBOOK |
||